Inauguración de la Escuela Nocturna de Mujeres, "Carmen Romero Rubio de Díaz," verificada en la tarde del 15 de septiembre de 1894

Detalles Bibliográficos
Formato: Libro
Lenguaje:Spanish
Publicado: Oaxaca : Imprenta del Estado, 2° de Murguía, núm. 2, 1894.
Materias:
Colección:Banco de datos
Acervo:Universidad Autónoma Benito Juárez de Oaxaca. Biblioteca Francisco de Burgoa. Colección histórica
Descripción Física:[12] h. ; 30 cm.
Tema general:Educación
Notas:Portada tipográfica con viñeta y marco. Texto a renglón seguido con paginación en números arábigos y marco. Encuadernación en papel
LEADER 00810nam a22001570004500
035 |a 3146 
041 0 |a spa 
245 1 0 |a Inauguración de la Escuela Nocturna de Mujeres, "Carmen Romero Rubio de Díaz," verificada en la tarde del 15 de septiembre de 1894 
260 |a Oaxaca : Imprenta del Estado, 2° de Murguía, núm. 2, 1894. 
300 |a [12] h. ; 30 cm.  
500 |a Portada tipográfica con viñeta y marco. Texto a renglón seguido con paginación en números arábigos y marco. Encuadernación en papel 
650 1 0 |a Educación 
852 |a Universidad Autónoma "Benito Juárez" de Oaxaca, Biblioteca Francisco de Burgoa, Colección histórica 18834 
942 |c BURHIS 
943 |g Universidad Autónoma Benito Juárez de Oaxaca. Biblioteca Francisco de Burgoa. Colección histórica 
999 |c 1121989  |d 1121989